| 000 | 00982nam a22002657a 4500 | ||
|---|---|---|---|
| 003 | DO-SdBNP | ||
| 005 | 20210614113626.0 | ||
| 007 | ta | ||
| 008 | 210415b2020 dr abco| |||| 001 0dspa d | ||
| 020 | _a9789945617986 | ||
| 040 |
_aDO-SdBNP _bspa _cBNPHU |
||
| 041 | _hspa | ||
| 082 | 4 |
_a972.9377 _bP324h 2020 _222 |
|
| 100 | 1 |
_aPaula, Félix J. de, _d1983- _978387 |
|
| 245 | 1 | 3 |
_aHistoria de la comunidad de los Botados del municipio de Yamasá : _bun pueblo en desarrollo / _cFélix J. de Paula. |
| 250 | _a2a. ed. | ||
| 260 |
_aSanto Domingo : _bSantuario, _c2020 |
||
| 300 |
_a107 p. : _bil.,fots., mapas, retrs., _c23 cm. |
||
| 590 | _aInventariado, 2021/MFF | ||
| 650 | 4 |
_aCiudades y pueblos _zRepublica Dominicana, Yamasá _978788 |
|
| 651 | 4 |
_aLos Botados, Yamasá (Monte Plata, Republica Dominicana) _xHistoria local _978789 |
|
| 651 | 4 |
_aYamasá (Republica Dominicana) _xVida social y costumbres _978791 |
|
| 910 | _aValidado. Control de calidad MFF | ||
| 942 |
_2ddc _cLBS1 |
||
| 999 |
_c49735 _d49735 |
||